000 01885cam a2200325 a 4500
001 he 67000997
003 DLC
005 20260227111447.0
008 880819m19629999is 00100 heb
010 _ahe 67000997 //r88
035 _a(CStRLIN)DCLH88-B943
040 _aDLC
_cDLC
_dDLC-R
050 0 _aLAW
066 _c(2
245 0 0 _6880-01
_aHalakhah pesuḳah :
_bmishpaṭ ha-Torah li-meḳorotaṿ ba-Talmud u-fosḳim ʻal seder ha-Shulḥan-ʻarukh, Ḥoshen ha-mishpaṭ /
_chukhan, ḥubar ṿe-yotse le-or ʻal yede Maḥleḳet ha-teḥuḳah ha-Toranit shel Mekhon Hari Fishel li-derishat ha-Talmud u-mishpaṭ ha-Torah.
260 _6880-02
_aYerushalayim :
_bha-Makhon,
_c722-<747 > [1962-<1987 >
300 _av. <1-2 > ;
_c27 cm.
500 _aTitle on added t.p.: Halacha pesuka.
505 1 _a1. Simanim 1-8 -- ḥeleḳ 2. Simanim 9-27.
600 1 0 _6880-03
_aKaro, Joseph ben Ephraim,
_d1488-1575.
_tḤoshen mishpaṭ.
650 0 _aJewish law.
700 1 2 _6880-04
_aKaro, Joseph ben Ephraim,
_d1488-1575.
_tḤoshen mishpaṭ.
_f1962.
710 2 0 _6880-05
_aMekhon Hari Fishel (Jerusalem)
740 0 1 _aHalacha pesuka.
880 0 0 _6245-01/(2/r
_aהלכה פסוקה :
_bמשפט התורה למקורותיו בתלמוד ופוסקים על סדר השולחן־ערוך, חושן המשפט /
_cהוכן, חובר ויוצא לאור על ידי מחלקת התחוקה התורנית של מכון הרי פישל לדרישת התלמוד ומשפט התורה.
880 _6260-02/(2/r
_aירושלים :
_bהמכון,
_c722-<747 > [1962-<1987 >.
880 1 4 _6600-03/(2/r
_aקארו, יוסף.
_tשולחן־ערוך.
_pחושן משפט.
880 1 2 _6700-04/(2/r
_aקארו, יוסף.
_tשולחן־ערוך.
_pחושן המשפט.
_f1962.
880 2 0 _6710-05/(2/r
_aמכון הרי פישל לדרישת התלמוד ומשפט התורה.
999 _c32391
_d32391